Poviedky s tajomstvom

Podrobná bibliografia
Hlavný autor: Holka, Peter, 1950- (Autor)
Médium: Článok
Jazyk:slovenčina
ISSN:1335-7786
Predmet:

MARC

LEADER 00000nab a2200000 a 4500
001 vtls008934431
003 SK-MaSNL
005 20260303070609.0
008 131021c2006 xo mr|p|||||||000 b|slo
015 |a SNBRB2007/01  |2 snkbucl 
038 |a SNKBUCL 
040 |a SNKBUCL  |b slo  |c SNKBUCL  |e AACR2 
041 0 |a slo 
044 |a xo  |c SK 
080 |a 82.09:821.162.4-32  |x (048)  |2 1997 
080 |a 821.162.4-32  |x (048)  |2 1997 
100 1 |a Holka, Peter,  |d 1950-  |4 aut  |9 85921 
245 1 0 |a Poviedky s tajomstvom  |c Peter Holka 
650 0 7 |a spoločenské poviedky, slovenské  |x recenzie  |2 snkbucl  |9 58534 
655 7 |a recenzie  |2 snkbucl  |9 21907 
773 0 |t Slovenské pohľady  |g Roč. IV.+122., č. 12 (2006), s. 112-113  |x 1335-7786 
787 0 8 |i Rec.:  |a Mikolaj, Dušan, 1948-  |t Medová baba  |d Martin : Matica slovenská, 2006  |z 8089208363 
852 |a SNK  |b KIS3GCP 
958 |a LX 
958 |a SK 
958 |a RC 
999 |c 1756060  |d 1757990